00973nam a2200217 a 450000100100000000500170001000800410002702000180006804000250008608200140011110000350012524501070016026000610026730000300032850000700035850000420042850400320047095201180050295201180062099900170073800003448020200930073726.0111005s2009 mx a 000 0 spa d a9786079513801 aDO-SdBNPbspacBNPHU axxxbT95e1 aTurrent Díaz, Eduardo95992010aEstatización bancaria en México :bantecedentes, causas y consecuencias /cEduardo Turrent Díaz. aMéxico :bCentro de Estudios Espinosa Yglesias,c2009. a465 p. :bgraf. ;c24 cm. aIncluye datos biográficos del autor en la solapa de la cubierta aIncluye notas al pie de las páginas aBibliografía : p. 447-464 001054708MOaGRbGRcHDd2011-10-05iLF1l0oxxx T95ep34480-10r2020-06-25w2020-06-25y4ZPréstamo en sala 001050718MOaGRbGRcHDd2012-03-20iLF1l0oxxx T95ep34480-20r2020-06-25te. 2w2020-06-25y1ZNo se presta c33971d33971